Statistics for Continent Demonyms

Click here to take the quiz!

General Stats

  • This quiz has been taken 95 times
  • The average score is 7 of 7

Answer Stats

Continent Demonym % Correct
AfricaAfrican
100%
AsiaAsian
100%
AustraliaAustralian
99%
EuropeEuropean
98%
North AmericaNorth American
98%
South AmericaSouth American
98%
AntarcticaAntarctican
90%

Score Distribution

Percentile by Number Answered

Percent of People with Each Score

Your Score History

You have not taken this quiz